000 00663nam a22002057a 4500
005 20250724152521.0
010 _aENG-146131
020 _a9789349015159
_c1695.00
035 _aEN-129663
037 _bDBAD
082 _a364
_23
100 _aGaur, K D
_983315
245 _aTextbook on The Bharatiya Nagarik Suraksha Sanhita,2023/
_cK D Gaur [and] Revised By Madhu Gaur
250 _a3
260 _aGurgaon
_bLexisNexis
_c2025
270 _a14th Floor, Building No.10, Tower-B, DLF Cyber city, Phase-II
_bGurgaon
_e122002
300 _alxxxvi, 912p.
_c24cm(pb)
700 _aGaur, Madhu
_eRevised
_983316
942 _2ddc
_cEN
_h364
_mGAU
999 _c212592
_d212592